Korea (Record no. 81535)

MARC details
000 -LEADER
fixed length control field 00869cab a22001935a 4500
001 - CONTROL NUMBER
control field L147438
008 - FIXED-LENGTH DATA ELEMENTS--GENERAL INFORMATION
fixed length control field 090511s2009 xxk f s 000 0 eng d
035 ## - SYSTEM CONTROL NUMBER
System control number (Sirsi) u147438
041 0# - LANGUAGE CODE
Language code of text/sound track or separate title eng
110 2# - MAIN ENTRY--CORPORATE NAME
Corporate name or jurisdiction name as entry element AsiaProperty
9 (RLIN) 5571
245 00 - TITLE STATEMENT
Title Korea
260 ## - PUBLICATION, DISTRIBUTION, ETC.
Date of publication, distribution, etc. 2009
490 #0 - SERIES STATEMENT
Series statement Asia Property
Volume/sequential designation March 2009, 19-24(6)
520 ## - SUMMARY, ETC.
Summary, etc. Reports on the contracting commercial property development market in Korea. Covers: trends in the office sector which is most accessible to foreign investment, two massive new mixed-use developments in Seoul's Yeouido financial district and future opportunities to purchase distressed real estate assets or loans. Graph shows Seoul office vacancy rates 1998-2009. Table lists PARC1 and IFC Seoul key statistics.
590 ## - LOCAL NOTE (RLIN)
Local note KA
651 #4 - SUBJECT ADDED ENTRY--GEOGRAPHIC NAME
Geographic name Korea
690 ## - LOCAL SUBJECT ADDED ENTRY--TOPICAL TERM (OCLC, RLIN)
Topical term or geographic name as entry element PROPERTY-COMMERCIAL PROPERTY-COMMERCIAL PROPERTY MARKET
942 ## - ADDED ENTRY ELEMENTS (KOHA)
Suppress in OPAC 0

No items available.